[Event "Treviso TWE op-B 30th"]
[Site "Treviso"]
[Date "2006.12.10"]
[Round "5.19"]
[White "Brunello, Marco"]
[Black "Buso, Giuseppe"]
[Result "0-1"]
[WhiteElo "1440"]
[BlackElo "1451"]
[PlyCount "74"]
[EventDate "2006.12.08"]
[EventType "swiss"]
[EventRounds "5"]
[EventCountry "ITA"]
[SourceTitle "EXT 2024"]
[Source "ChessBase"]
[SourceDate "2023.10.10"]
[SourceVersion "1"]
[SourceVersionDate "2023.10.10"]
[SourceQuality "1"]

1. e4 e5 2. Nf3 d6 3. Nc3 Nc6 4. d4 exd4 5. Nxd4 Bd7 6. Be2 Be7 7. 0-0 Bf6 8. Be3 Nge7 9. f4 0-0 10. Nd5 Nxd5 11. exd5 Ne7 12. Bf3 Re8 13. Bf2 Ng6 14. f5 Ne5 15. c3 Rb8 16. Re1 Re7 17. Kh1 Qe8 18. Qd2 Nxf3 19. Nxf3 Bxf5 20. Bxa7 Ra8 21. Bf2 Qd7 22. Nh4 Be4 23. Re3 Rae8 24. Rae1 Bg5 25. Nf3 Bxe3 26. Rxe3 Bxf3 27. Rxf3 Re2 28. Qd3 Rxb2 29. Rh3 h6 30. Rg3 Rxf2 31. h3 f5 32. a3 f4 33. Rg4 Qf7 34. Qd4 Rf1+ 35. Kh2 Ree1 36. g3 Re2+ 37. Qf2 Rexf2# 0-1

[Event "Treviso WE op 28th"]
[Site "Treviso"]
[Date "2004.12.08"]
[Round "4.28"]
[White "Mancin, Michele"]
[Black "Buso, Giuseppe"]
[Result "1-0"]
[WhiteElo "1440"]
[BlackElo "1517"]
[PlyCount "85"]
[EventDate "2004.12.04"]
[EventType "swiss"]
[EventCountry "ITA"]
[SourceTitle "EXT 2024"]
[Source "ChessBase"]
[SourceDate "2023.10.10"]
[SourceVersion "1"]
[SourceVersionDate "2023.10.10"]
[SourceQuality "1"]

1. d4 d5 2. Nf3 Nc6 3. e3 Nf6 4. Bd3 g6 5. c3 Bg7 6. Nbd2 0-0 7. 0-0 a6 8. Re1 Nd7 9. e4 dxe4 10. Nxe4 e6 11. Bg5 f6 12. Bd2 Nc5 13. Nxc5 Re8 14. Bc4 Kh8 15. Bxe6 b6 16. Bxc8 Rxe1+ 17. Qxe1 Qxc8 18. Ne6 Qd7 19. Nxg7 Kxg7 20. Qe2 a5 21. Re1 Rf8 22. Qb5 Rf7 23. h3 Qd6 24. a3 Na7 25. Qd3 Rd7 26. b4 axb4 27. axb4 c5 28. b5 Qd5 29. c4 Qf7 30. d5 Nc8 31. Bc3 Nd6 32. Ng5 Qg8 33. Ne6+ Kf7 34. g4 h6 35. f3 Re7 36. Bd2 g5 37. Re2 Ke8 38. Be1 Kd7 39. Bg3 Qf7 40. Bxd6 Kxd6 41. Qe3 Kd7 42. f4 gxf4 43. Qxf4 1-0

[Event "Treviso WE op 28th"]
[Site "Treviso"]
[Date "2004.12.05"]
[Round "3.21"]
[White "Buso, Giuseppe"]
[Black "Alviti, Claudio"]
[Result "0-1"]
[WhiteElo "1517"]
[BlackElo "1784"]
[PlyCount "44"]
[EventDate "2004.12.04"]
[EventType "swiss"]
[EventCountry "ITA"]
[SourceTitle "EXT 2024"]
[Source "ChessBase"]
[SourceDate "2023.10.10"]
[SourceVersion "1"]
[SourceVersionDate "2023.10.10"]
[SourceQuality "1"]

1. d4 Nf6 2. Bf4 g6 3. e3 Bg7 4. Be2 0-0 5. h3 d6 6. Nf3 Nc6 7. 0-0 Bf5 8. a3 Qe8 9. Nc3 e5 10. dxe5 dxe5 11. Bh2 Rd8 12. Qc1 Qe7 13. Rd1 Rxd1+ 14. Bxd1 Rd8 15. Nh4 Be6 16. e4 Nxe4 17. Nxg6 hxg6 18. Nxe4 Qh4 19. Bf3 Nd4 20. Nd2 Bh6 21. c3 Nxf3+ 22. Nxf3 Bxc1 0-1

[Event "Treviso op-B 25th"]
[Site "Treviso"]
[Date "2001.12.08"]
[Round "2.13"]
[White "Buso, Giuseppe"]
[Black "Ballarin, Gabriele"]
[Result "0-1"]
[WhiteElo "1384"]
[BlackElo "1624"]
[PlyCount "94"]
[EventDate "2001.12.07"]
[EventType "swiss"]
[EventRounds "5"]
[EventCountry "ITA"]
[SourceTitle "EXT 2024"]
[Source "ChessBase"]
[SourceDate "2023.10.10"]
[SourceVersion "1"]
[SourceVersionDate "2023.10.10"]
[SourceQuality "1"]

1. d4 e6 2. Nf3 Nf6 3. h3 b6 4. Bf4 Bb7 5. e3 c5 6. c3 Nc6 7. Be2 d5 8. 0-0 Bd6 9. Ne5 Qc7 10. Bb5 0-0 11. Bxc6 Bxc6 12. Nd2 Bb7 13. Rc1 c4 14. Qf3 Nd7 15. Nxd7 Qxd7 16. Bxd6 Qxd6 17. Nxc4 Qe7 18. Ne5 f6 19. Ng4 e5 20. dxe5 fxe5 21. Qg3 Rae8 22. b3 Qg5 23. Nh2 Qxg3 24. fxg3 Rc8 25. Rxf8+ Kxf8 26. Nf3 d4 27. exd4 Bxf3 28. gxf3 exd4 29. c4 Ke7 30. Rd1 Rd8 31. Kf2 Ke6 32. f4 Kf5 33. Kf3 h5 34. g4+ Kf6 35. Rd3 hxg4+ 36. hxg4 g5 37. f5 Ke5 38. Rd1 Rh8 39. Re1+ Kd6 40. Re6+ Kc5 41. Re5+ Kb4 42. Kg3 d3 43. Rd5 Kc3 44. f6 d2 45. Kf3 Rh1 46. Kg2 d1Q 47. Rxd1 Rxd1 0-1